000 00336 a2200157 4500
001 171350
020 _a
040 _cMagnum
100 _aRios, Rosana
240 1 0 _aCancao para chamar o vento
_lpor
245 1 0 _aCancao para chamar o vento
362 0 _a1899
440 1 _aModerna
697 _aIJ/FADAS, FANTASIA
942 _cBK
999 _c171350
_d171350